书目信息 |
| 题名: |
工业经济干部必读
|
|
| 作者: | ;合肥市企业管理协会工业经济干部必读编委会 编 | |
| 分册: | ||
| 出版信息: | 合肥 安徽科学技术出版社 1983 |
|
| 页数: | 348页 | |
| 开本: | 21cm | |
| 丛书名: | ||
| 单 册: | ||
| 中图分类: | F42 | |
| 科图分类: | ||
| 主题词: | 工业经济--中国 | |
| 电子资源: | ||
| ISBN: | ||
| 000 | 00768nam0 2200241 45 | |
| 001 | 0183002701 | |
| 005 | 20031224172552.4 | |
| 010 | @dCNY1.40 | |
| 091 | @a4200.2 | |
| 100 | @a19950302d1983 em y0chiy0121 ea | |
| 101 | 0 | @achi |
| 102 | @aCN@b340000 | |
| 105 | @ay z 000yy | |
| 106 | @ar | |
| 200 | 10 | @a工业经济干部必读@Agong ye jing ji gan bu bi du@f合肥市企业管理协会《工业经济干部必读》编委会编 |
| 210 | @a合肥@c安徽科学技术出版社@d1983 | |
| 215 | @a348页@d21cm | |
| 606 | 0 | @a工业经济@x中国 |
| 690 | @aF42 | |
| 711 | 02 | @a合肥市企业管理协会工业经济干部必读编委会@Ahe fei shi qi ye guan li xiekuai gong ye jing ji gan bu bi du bian wei hui@4编 |
| 801 | 0 | @aCN@b上海图书馆@c20031224 |
| 801 | 2 | @aCN@bNLC@c20031224 |
| 905 | @f1@b100204@dF42@e25@b100202@f1 | |
| 工业经济干部必读/合肥市企业管理协会《工业经济干部必读》编委会编.-合肥:安徽科学技术出版社,1983 |
| 348页;21cm |
| ISBN :CNY1.40 |
| ● |
| 相关链接 |
|
|
|
|
正题名:工业经济干部必读
索取号:F42/25
 
预约/预借
| 序号 | 登录号 | 条形码 | 馆藏地/架位号 | 状态 | 备注 |
| 1 | 0100202 | 001656247 | 密集书库/ [索取号:F42/25] | 在馆 | |
| 2 | 0100203 | 000208947 | 第一借阅区/ [索取号:F42/25] | 在馆 | |
| 3 | 0100204 | 001598426 | 密集书库/ [索取号:F42/25] | 在馆 | |
| 4 | 0200205 | 000208901 | 第一样本阅览室/ [索取号:F42/25] | 在馆 |